Cómo innovar en las pymes: manual de mejora a través de la innovación (Registro nro. 11527)
[ vista simple ]
| 000 -CABECERA | |
|---|---|
| campo de control de longitud fija | 01149ntm a22003857a 4500 |
| 005 - FECHA Y HORA DE ACTUALIZACIÓN | |
| campo de control | 20220304100825.0 |
| 008 - LONGITUD FIJA | |
| campo de control de longitud fija | 190114b xxu||||| |||| 00| 0 spa d |
| 020 ## - INTERNATIONAL STANDARD BOOK NUMBER | |
| Número Internacional Estándar del Libro | 9786076227459 |
| 041 ## - IDIOMA | |
| Código de idioma del texto/pista de sonido o título separado | |
| 082 ## - CLASIFICACIÓN DECIMAL DEWEY | |
| Número de clasificación | 658.022 T926c2 |
| 100 ## - AUTOR PERSONAL | |
| Nombre de persona | Tundidor Díaz, Alberto |
| 245 ## - TÍTULO PROPIAMENTE DICHO | |
| Título | Cómo innovar en las pymes: manual de mejora a través de la innovación |
| 250 ## - EDICIÓN | |
| Mención de edición | 2 edición |
| 260 ## - PIE DE IMPRENTA | |
| Lugar de publicación, distribución, etc. | México |
| 260 ## - PIE DE IMPRENTA | |
| Nombre del editor, distribuidor, etc. | Alfaomega |
| 260 ## - PIE DE IMPRENTA | |
| Fecha de publicación, distribución, etc. | 2017 |
| 300 ## - DESCRIPCIÓN FÍSICA | |
| Extensión | 229 páginas |
| 650 ## - Materia General | |
| Materia general | PYMES |
| 650 ## - Materia General | |
| Materia general | INNOVACIÓN |
| 650 ## - Materia General | |
| Materia general | PLANIFICACIÓN ESTRÁTEGICA |
| 650 ## - Materia General | |
| Materia general | SISTEMAS DE GESTIÓN |
| 650 ## - Materia General | |
| Materia general | GESTIÓN DE RIESGOS |
| 650 ## - Materia General | |
| Materia general | IMAGEN VIRTUAL |
| 650 ## - Materia General | |
| Materia general | COMUNICACIÓN EXTERNA |
| 650 ## - Materia General | |
| Materia general | COMUNICACIÓN INTERNA |
| 650 ## - Materia General | |
| Materia general | CADENAS DE SUMINISTRO |
| 650 ## - Materia General | |
| Materia general | MERCADOS INTERNACIONALES |
| 650 ## - Materia General | |
| Materia general | PRESUPUESTO |
| 650 ## - Materia General | |
| Materia general | RECURSOS FÍSICOS |
| 650 ## - Materia General | |
| Materia general | INFRAESTRUCTURAS |
| 650 ## - Materia General | |
| Materia general | RECURSOS HUMANOS |
| 650 ## - Materia General | |
| Materia general | MARKETING |
| 650 ## - Materia General | |
| Materia general | DESARROLLO DE PERSONAL |
| 942 ## - Punto de Acceso Adicional Koha | |
| Tipo de ítem Koha | Libro |
| Estado perdido | Estado dañado | No para préstamo | Biblioteca permanente | Biblioteca actual | Signatura completa | Código de barras | Precio efectivo a partir del | Tipo de ítem |
|---|---|---|---|---|---|---|---|---|
| Departamento de Biblioteca y Documentación Alfonso Chase Brenes | Departamento de Biblioteca y Documentación Alfonso Chase Brenes | 658.022 T926c2 | 23872 | 14/01/2019 | Libro |